[Event "Baden-Baden"]
[Site "Baden-Baden"]
[Date "1981.??.??"]
[Round "?"]
[White "Borik, Otto"]
[Black "De Firmian, Nick E"]
[Result "0-1"]
[WhiteElo "2410"]
[BlackElo "2405"]

1.Nf3 c5 2.c4 Nf6 3.Nc3 e6 4.e3 d5 5.d4 Nc6 6.a3 cxd4 7.exd4 Be7 8.Bd3 dxc4
9.Bxc4 O-O 10.O-O b6 11.d5 exd5 12.Nxd5 Nxd5 13.Bxd5 Bb7 14.Bf4 Bf6 15.Rc1 Rc8
16.b4 Qd7 17.Be4 Qg4 18.Rc4 Ba6 19.h3 Qe6 20.Rxc6 Qxe4 21.Rxc8 Rxc8 22.Re1 Qxf4
23.Qa4 g6 24.Qxa6 Rc7 25.Qb5 Kg7 26.a4 Qc4 27.g4 h6 28.Qe8 Qxb4 29.Re4 Qb3
30.Kg2 Qd5 31.Rf4 Re7 32.Qc8 Re6 33.Qc7 Qd6 34.Qc4 Qc6 35.Qb4 Qd5 36.Rc4 Be7
37.Qb5 Qxb5 38.axb5 Bc5 39.Nd2 Re5 40.Ra4 Bf8 41.Rxa7 Rxb5 42.Rb7 Kf6 43.Nc4 Bc5
44.f4 Rb4 45.Ne5 Rxf4 46.Nxf7 h5 47.gxh5 gxh5 48.Nd8 Rd4 49.Nc6 Rd6 50.Nb8 Kg5
51.Rd7 Rg6 52.Rd5+ Kf4+ 53.Kf1 h4 54.Nd7 Be3 55.Rb5 Bd4 56.Rb4 Ke4 57.Nxb6 Kd3
58.Rb3+ Kc2 59.Rb4 Bxb6 60.Rxh4 Kd3 61.Rg4 Rf6+ 62.Kg2 Ke3 63.Rg3+ Ke2 64.h4 Bf2
65.Rg4 Be3 66.Rg3 Rf2+ 67.Kh3 Kd3 68.Kg4 Ke4 69.Kh5 Bf4 70.Rg8 Be5 71.Rg5 Bf6
72.Ra5 Rg2 73.Kh6 Be5 74.h5 Kf5 75.Ra8 Rb2 76.Rf8+ Bf6 77.Kh7 Rb7+ 78.Kh6 Rb4
79.Kh7 Re4 80.h6 Re7+ 81.Kg8 Kg6 82.Ra8 Rh7  0-1

[Event "Baden-Baden"]
[Site "Baden-Baden"]
[Date "1981.??.??"]
[Round "?"]
[White "De Firmian, Nick E"]
[Black "Roos, Louis"]
[Result "1-0"]
[WhiteElo "2405"]
[BlackElo "2370"]

1.Nf3 Nf6 2.c4 b6 3.g3 Bb7 4.Bg2 e6 5.O-O Be7 6.b3 O-O 7.Bb2 c5 8.e3 d6 9.Nc3 Qc8
10.Qe2 h6 11.Rad1 Re8 12.e4 e5 13.d3 Nc6 14.Nd5 Qd8 15.Nxe7+ Qxe7 16.Nh4 a5
17.Nf5 Qd8 18.f4 Bc8 19.Qf2 Nh7 20.Rd2 Ra7 21.g4 Nf8 22.Ne3 a4 23.bxa4 f6
24.f5 Rxa4 25.a3 Nd4 26.Bf3 Bd7 27.Bd1 Ra7 28.h4 Bc6 29.Qg3 Nh7 30.Nc2 b5
31.Nxd4 exd4 32.cxb5 Bxb5 33.Bb3+ Kh8 34.Bd5 Ba6 35.Bc1 Bb7 36.Be6 Bc8 37.Ba2 d5
38.g5 fxg5 39.hxg5 hxg5 40.Rh2 Kg8 41.Bxd5+  1-0

[Event "Baden-Baden"]
[Site "Baden-Baden"]
[Date "1981.??.??"]
[Round "?"]
[White "De Firmian, Nick E"]
[Black "Stajcic, Nikola"]
[Result "0-1"]
[WhiteElo "2405"]
[BlackElo "2215"]

1.Nf3 d5 2.b3 Nf6 3.Bb2 Bf5 4.g3 e6 5.Bg2 h6 6.O-O Be7 7.c4 c6 8.d3 Nbd7
9.Nbd2 O-O 10.Qc2 a5 11.Bc3 Re8 12.a3 c5 13.e4 dxe4 14.dxe4 Bh7 15.Qb2 Qb6
16.Rfe1 Nb8 17.e5 Nfd7 18.Ne4 Nc6 19.Nd6 Red8 20.Rad1 a4 21.bxa4 Bxd6 22.Rxd6 Qxb2
23.Bxb2 Nb6 24.Nd2 Nxa4 25.Bc1 Rxd6 26.exd6 Rd8 27.Ne4 f5 28.Nf6+ gxf6 29.Rxe6 Kf7
30.Bd5 Kg6 31.Bxc6 bxc6 32.Bf4 Bg8 33.Re7 Bxc4 34.Rb7 Nc3 35.Rc7 Ne2+  0-1

[Event "Baden-Baden"]
[Site "Baden-Baden"]
[Date "1981.??.??"]
[Round "?"]
[White "Gheorghiu, Florin"]
[Black "De Firmian, Nick E"]
[Result "1/2-1/2"]
[WhiteElo "2560"]
[BlackElo "2405"]

1.d4 Nf6 2.c4 e6 3.Nf3 c5 4.e3 d5 5.Nc3 Nc6 6.cxd5 exd5 7.Be2 a6 8.dxc5 Bxc5
9.O-O O-O 10.b3 d4 11.exd4 Nxd4 12.Nxd4 Bxd4 13.Bb2 Ne4 14.Nxe4 Bxb2 15.Qxd8 Rxd8
16.Rad1 Bd7 17.Rd2 Bc6 18.Rxb2 Bxe4 19.f3 Bc6 20.Kf2 Kf8 21.Rd1  1/2-1/2

[Event "Baden-Baden"]
[Site "Baden-Baden"]
[Date "1981.??.??"]
[Round "?"]
[White "Honfi, Karoly"]
[Black "De Firmian, Nick E"]
[Result "1-0"]
[WhiteElo "2390"]
[BlackElo "2405"]

1.e4 c5 2.Nf3 d6 3.d4 cxd4 4.Qxd4 Nc6 5.Bb5 Bd7 6.Bxc6 Bxc6 7.c4 Nf6 8.Nc3 g6
9.O-O Bg7 10.Qd3 O-O 11.Re1 Rc8 12.Bg5 h6 13.Be3 Ng4 14.Bd4 e5 15.Be3 Nxe3
16.Rxe3 Rc7 17.Rd1 Rd7 18.b4 b6 19.a4 f5 20.b5 Bb7 21.Nd5 h5 22.Ne1 Bh6 23.Rg3 Kh7
24.exf5 Rxf5 25.Nc2 Bxd5 26.Qxd5 Rdf7 27.f3 Bf4 28.Rh3 Qg5 29.Qe4 Rd7 30.Kh1 Rf8
31.Nb4 Qf5 32.Nc6 Kh6 33.a5 bxa5 34.Nxa5 Bg5 35.Nc6 Qe6 36.Rd5 Rf4 37.Qe2 Rdf7
38.Kg1 e4 39.Rxg5 Kxg5 40.Nd8 Qf6 41.Nxf7+ Qxf7 42.fxe4 Qe6 43.Re3 Kh6 44.g3 Rf7
45.e5 Kh7 46.exd6 Qxd6 47.Kg2 Qd8 48.Re6 Qg5 49.Re5 Qf6 50.c5 h4 51.Re4 h3+
52.Kxh3 Qf5+ 53.Rg4 Qxc5 54.Rh4+ Kg8 55.Qe8+ Qf8 56.Qe6 g5 57.Rh6 Qd8 58.Kg4  1-0

[Event "Baden-Baden"]
[Site "Baden-Baden"]
[Date "1981.??.??"]
[Round "?"]
[White "De Firmian, Nick E"]
[Black "Kestler, Hans Guenther"]
[Result "1-0"]
[WhiteElo "2405"]
[BlackElo "2405"]

1.e4 d6 2.d4 Nf6 3.Nc3 g6 4.g3 Bg7 5.Bg2 O-O 6.Nge2 Nbd7 7.O-O e5 8.b3 Re8
9.Bb2 exd4 10.Nxd4 Nc5 11.Re1 c6 12.Qd2 Qb6 13.h3 Be6 14.Rad1 Rad8 15.Nxe6 fxe6
16.Qg5 e5 17.Qd2 Rf8 18.Rf1 Nh5 19.Ne2 Rf6 20.Bxe5 Rxf2 21.Rxf2 Bxe5 22.Qe3 Qa5
23.a4 Qc7 24.Nf4 Ng7 25.Bf1 g5 26.Nd3 Nxd3 27.Bxd3  1-0

[Event "Baden-Baden"]
[Site "Baden-Baden"]
[Date "1981.??.??"]
[Round "?"]
[White "Kortschnoj, Viktor"]
[Black "De Firmian, Nick E"]
[Result "0-1"]
[WhiteElo "2695"]
[BlackElo "2405"]

1.Nf3 c5 2.c4 Nf6 3.g3 b6 4.Bg2 Bb7 5.O-O Nc6 6.d4 Nxd4 7.Nxd4 Bxg2 8.Kxg2 cxd4
9.Qxd4 e6 10.Nc3 Be7 11.Rd1 O-O 12.f3 Qc8 13.e4 d6 14.Be3 Rd8 15.Rac1 Qb7
16.b3 h6 17.Bf2 Rac8 18.Ne2 Nd7 19.h4 Nc5 20.Qe3 Kh7 21.Nd4 a6 22.Qe2 Nd7
23.g4 Ne5 24.Bg3 Nc6 25.Nc2 Ne5 26.Ne3 g6 27.Kh3 Bf6 28.Rc2 Qe7 29.Rcd2 Qc7
30.f4 Nc6 31.g5 Bh8 32.f5 Be5 33.Qf2 h5 34.Rf1 Bxg3 35.Qxg3 Ne5 36.Rfd1 b5
37.Qf4 Qc5 38.Rd4 Rd7 39.b4 Qxb4 40.fxe6 fxe6 41.Qf6 Rf7 42.Qxe6 Rcf8  0-1

[Event "Lone Pine op"]
[Site "Lone Pine"]
[Date "1981.??.??"]
[Round "?"]
[White "Pfleger, Helmut"]
[Black "De Firmian, Nick E"]
[Result "1/2-1/2"]
[WhiteElo "2505"]
[BlackElo "2410"]

1.c4 e6 2.Nc3 c5 3.Nf3 Nf6 4.g3 b6 5.Bg2 Bb7 6.O-O Be7 7.b3 d5 8.cxd5 Nxd5
9.Nxd5 Bxd5 10.Bb2 O-O 11.Rc1 Nd7 12.d4 Rc8 13.Qd2 Bf6 14.Rfd1 cxd4 15.Bxd4 Qe7
16.Bxf6 Nxf6 17.Ne5 h6 18.Bxd5 Nxd5 19.Rc4 Rxc4 20.bxc4 Nf6 21.Qd6 Qb7 22.Qc6 Qa6
23.a4 Rc8 24.Qb5 Qb7 25.Qb1 Qc7 26.Qb2 Qc5 27.e3 Qc7 28.Qb5 Qe7 29.Rd4 Rc5
30.Qb4 Qc7 31.f4 h5 32.Qd2 g6 33.Rd8+ Kg7 34.Qd4 Ra5 35.g4 Qc5 36.g5 Ng4
37.Nd7+ Qxd4 38.exd4 Rxa4 39.c5 bxc5 40.dxc5 Rc4 41.h3 Rc1+ 42.Kg2 Ne3+ 43.Kf3 Nd5
44.Ke4 Rc4+ 45.Ke5 Nc3 46.Nf6 Rxc5+ 47.Kd4 Rd5+ 48.Nxd5 Nxd5 49.Ke5 a6 50.Ra8 Nb4
51.Ke4 Kh7 52.Rb8 Nd5 53.Rb7 Kg7 54.Ke5 Ne3 55.Ra7 a5 56.Ke4 Nf5 57.Rxa5 Nd6+
58.Kd4 Nf5+ 59.Ke5 Ne3 60.Ra4 Nd5 61.Kd6 Ne3 62.Kd7 Nd5 63.Rd4 Kf8 64.Kd8 Ne3
65.Ra4 Nd5 66.Rc4  1/2-1/2

[Event "Lone Pine op"]
[Site "Lone Pine"]
[Date "1981.??.??"]
[Round "?"]
[White "De Firmian, Nick E"]
[Black "Dzindzichashvili, Roman"]
[Result "1/2-1/2"]
[WhiteElo "2410"]
[BlackElo "2490"]

1.e4 c5 2.Nf3 e6 3.Nc3 a6 4.d4 cxd4 5.Nxd4 b5 6.Bd3 Bb7 7.O-O d6 8.Qe2 Nf6
9.f4 Nbd7 10.g4 b4 11.Nd1 e5 12.Nf5 g6 13.Ng3 exf4 14.Bxf4 Ne5 15.Ne3 Bg7  1/2-1/2

[Event "Lone Pine op"]
[Site "Lone Pine"]
[Date "1981.??.??"]
[Round "?"]
[White "De Firmian, Nick E"]
[Black "Alburt, Lev O"]
[Result "0-1"]
[WhiteElo "2410"]
[BlackElo "2575"]

1.e4 Nf6 2.e5 Nd5 3.d4 d6 4.Nf3 Bg4 5.Be2 e6 6.O-O Be7 7.h3 Bh5 8.c4 Nb6
9.Nc3 O-O 10.Be3 d5 11.c5 Bxf3 12.gxf3 Nc8 13.f4 g6 14.Kh2 Bh4 15.f5 exf5
16.Qb3 Ne7 17.Qxb7 Nbc6 18.f4 Rb8 19.Qa6 Rxb2 20.Rab1 Qb8 21.Qa3 Rb4 22.Rxb4 Qxb4
23.Qxb4 Nxb4 24.Bg1 Rb8 25.Rb1 Nbc6 26.Rxb8+ Nxb8 27.Nb5 c6 28.Nd6 Be1 29.Kg2 Kf8
30.Bf2 Bxf2 31.Kxf2 Ng8 32.a4 Ke7 33.a5 Ke6 34.Nc8 a6 35.Nd6 f6 36.Ke3 Ke7
37.Bd3 h5 38.Be2 h4 39.Bd3 Nh6 40.Kf3 Ke6 41.exf6 Kxf6 42.Ne8+ Ke7 43.Nc7 Nf7
44.Nxa6 Nxa6 45.Bxa6 Kd7 46.Ke3 Kc7 47.Kf3 Nd8 48.Bf1 Kb8 49.Ke3 Ka7 50.Kd2 Nb7
51.a6 Nd8 52.Be2 Ne6 53.Ke3 Nc7 54.Bf1 Nxa6 55.Kd3 Kb7 56.Kc3 Nc7 57.Kd2 Kc8
58.Ke3 Kd7 59.Be2 Ne6 60.Bd3 Ke7 61.Ba6 g5 62.fxg5 Nxg5 63.Kf4 Nxh3+ 64.Kxf5 Ng1
65.Kf4 h3 66.Bf1 h2 67.Bg2 Ne2+ 68.Ke3 Ng3  0-1

[Event "Lone Pine op"]
[Site "Lone Pine"]
[Date "1981.??.??"]
[Round "?"]
[White "Bisguier, Arthur Bernard"]
[Black "De Firmian, Nick E"]
[Result "1-0"]
[WhiteElo "2440"]
[BlackElo "2410"]

1.Nf3 c5 2.b3 Nf6 3.Bb2 e6 4.e3 Be7 5.c4 O-O 6.Nc3 b6 7.g3 Bb7 8.Bg2 d5 9.O-O Nbd7
10.Qe2 Rc8 11.Rad1 Qc7 12.d3 e5 13.Nh4 dxc4 14.Nf5 Rce8 15.Nb5 Qb8 16.Bxb7 Qxb7
17.Nbd6 cxd3 18.Rxd3 Bxd6 19.Nxd6 Qc7 20.Nxe8 Rxe8 21.Rfd1 h5 22.Rd6 Nf8
23.Qb5 Qe7 24.Qc6 h4 25.Bc3 N8h7 26.gxh4 Nf8 27.f3 Kh7 28.h3 Nh5 29.Be1 g6
30.Bf2 Ng7 31.Qd5 Nfe6 32.Qxe5 Qc7 33.Qd5 Qe7 34.Qe5 Qc7 35.Qh2 Re7 36.R6d5 Qb7
37.e4 f5 38.Be3 Rf7 39.Qe5 fxe4 40.fxe4 Qa6 41.Qb2 Rf3 42.Bg5 Nd4 43.Rd7 Qb5
44.Re7 Rxh3 45.Rxd4  1-0

[Event "Lone Pine op"]
[Site "Lone Pine"]
[Date "1981.??.??"]
[Round "?"]
[White "Thinnsen, James A"]
[Black "De Firmian, Nick E"]
[Result "0-1"]
[WhiteElo "2220"]
[BlackElo "2410"]

1.Nf3 c5 2.c4 Nf6 3.Nc3 e6 4.g3 b6 5.Bg2 Bb7 6.O-O Be7 7.d4 cxd4 8.Qxd4 d6
9.b3 Nbd7 10.Rd1 O-O 11.Bb2 a6 12.e4 Qc7 13.Rac1 Rad8 14.Qe3 Rfe8 15.h3 Bf8
16.Kh2 Qb8 17.Rc2 b5 18.cxb5 axb5 19.Nd4 b4 20.Nce2 Nc5 21.f3 Rc8 22.Nc1 Ba6
23.Bf1 Bxf1 24.Rxf1 d5 25.e5 Nfd7 26.Re1 g6 27.Rce2 Rc7 28.h4 Bg7 29.Nd3 Nxd3
30.Qxd3 Rec8 31.h5 Ra7 32.hxg6 hxg6 33.f4 Rxa2 34.Qb1 Ra7 35.g4 Nc5 36.f5 Ne4
37.Rxe4 dxe4 38.Qxe4 Ra2  0-1

[Event "Lone Pine op"]
[Site "Lone Pine"]
[Date "1981.??.??"]
[Round "?"]
[White "Youngworth, Perry"]
[Black "De Firmian, Nick E"]
[Result "0-1"]
[WhiteElo "2295"]
[BlackElo "2410"]

1.d4 Nf6 2.c4 c5 3.d5 e6 4.Nc3 exd5 5.cxd5 d6 6.Nf3 g6 7.g3 Bg7 8.Bg2 O-O
9.O-O a6 10.a4 Nbd7 11.Nd2 Nh5 12.Nc4 Ne5 13.Ne3 Rb8 14.a5 b5 15.axb6 Rxb6
16.h3 Rb4 17.Nc2 f5 18.Kh2 Rd4 19.Nxd4 cxd4 20.Nb1 f4 21.Nd2 Qg5 22.Ne4 Qh6
23.Nxd6 Bg4 24.Ra3 g5 25.Ne4 Bf5 26.Nc5 g4 27.Rxa6 Ng6 28.h4 Nxg3 29.fxg3 fxg3+
30.Kg1 Qxh4 31.Rf4 Nxf4 32.Bxf4 Qh2+ 33.Kf1 Be4 34.Nxe4 Rxf4+ 35.Ke1 Qxg2
36.Ra8+ Bf8 37.Rxf8+ Kxf8  0-1

[Event "Nis"]
[Site "Nis"]
[Date "1981.??.??"]
[Round "1"]
[White "De Firmian, Nick E"]
[Black "Nikolic, Zivoslav"]
[Result "1/2-1/2"]
[WhiteElo "2405"]
[BlackElo "2460"]

1.Nf3 Nf6 2.b3 e6 3.Bb2 d5 4.e3 Be7 5.Be2 O-O 6.O-O c5 7.Ne5 Nfd7 8.Nxd7 Bxd7
9.c4 Nc6 10.d3 d4 11.Nd2 f5 12.exd4 Bf6 13.Nf3 cxd4 14.b4 Nxb4 15.Bxd4 Bxd4
16.Nxd4 e5 17.Nb3 Qc7 18.Qd2 Nc6 19.d4 Nxd4 20.Nxd4 exd4 21.Qxd4 Bc6 22.Rfe1 Qd8
23.Qf4 Qb8 24.Qe3 Re8 25.Qd2 Qd8  1/2-1/2

[Event "Nis"]
[Site "Nis"]
[Date "1981.??.??"]
[Round "3"]
[White "De Firmian, Nick E"]
[Black "Tringov, Georgi P"]
[Result "1/2-1/2"]
[WhiteElo "2405"]
[BlackElo "2470"]

1.e4 c5 2.Nf3 d6 3.d4 cxd4 4.Nxd4 Nf6 5.Nc3 e6 6.Bc4 Be7 7.Bb3 O-O 8.f4 Nc6
9.Be3 a6 10.O-O Nxd4 11.Bxd4 b5 12.e5 dxe5 13.fxe5 Nd7 14.Ne4 Bb7 15.Nd6 Bxd6
16.exd6 Qg5 17.Rf2 a5 18.a4 b4 19.Qd2 Qxd2 20.Rxd2 Rfd8  1/2-1/2

[Event "Nis"]
[Site "Nis"]
[Date "1981.??.??"]
[Round "4"]
[White "Krnic, Zdenko"]
[Black "De Firmian, Nick E"]
[Result "1-0"]
[WhiteElo "2430"]
[BlackElo "2405"]

1.Nf3 Nf6 2.c4 c5 3.g3 b6 4.Bg2 Bb7 5.O-O e6 6.Nc3 Be7 7.d4 cxd4 8.Qxd4 d6
9.Rd1 Nbd7 10.Ng5 Bxg2 11.Kxg2 O-O 12.Nge4 Nxe4 13.Nxe4 Qc7 14.b3 Rfd8 15.f3 Nc5
16.Bb2 Bf8 17.Rd2 Nxe4 18.Qxe4 a6 19.a4 Rac8 20.Qd3 h6 21.e4 Qb8 22.Bd4 Be7
23.Be3 Bf6 24.Rb1 Qb7 25.Qe2 d5 26.exd5 exd5 27.cxd5 Rxd5 28.Rxd5 Qxd5 29.Bxb6 Qf5
30.Rd1 g6 31.Rd3 a5 32.Bf2 Kg7 33.Qe4 Qg5 34.Rd7 Rc2 35.Qxc2  1-0

[Event "Nis"]
[Site "Nis"]
[Date "1981.??.??"]
[Round "6"]
[White "Pavlovic, Dragan"]
[Black "De Firmian, Nick E"]
[Result "1-0"]
[WhiteElo "2345"]
[BlackElo "2405"]

1.d4 Nf6 2.c4 e6 3.g3 c5 4.Nf3 cxd4 5.Nxd4 Qa5+ 6.Nd2 Nc6 7.Nxc6 bxc6 8.Bg2 d5
9.O-O Be7 10.Qc2 O-O 11.b3 Qb6 12.Bb2 a5 13.Rab1 Bb7 14.e3 Rfd8 15.Rfd1 h6
16.h3 Qa7 17.Nf3 Rac8 18.Nd4 Qa8 19.Ne2 c5 20.Bc3 h5 21.h4 Ng4 22.Nf4 d4
23.Bxb7 Qxb7 24.exd4 cxd4 25.Bxa5 Rd7 26.Qe2 Rc5 27.Be1 Re5 28.Qd3 g5 29.hxg5 Bxg5
30.Ng2 Rf5 31.f4 h4 32.gxh4 Bxf4 33.Nxf4 Rxf4 34.Qg3 e5 35.Bd2 f5 36.Bxf4 exf4
37.Qxf4 Rg7 38.Kf1 Ne3+ 39.Ke2 Qg2+ 40.Qf2  1-0

[Event "Nis"]
[Site "Nis"]
[Date "1981.??.??"]
[Round "7"]
[White "De Firmian, Nick E"]
[Black "Sinadinovic, Andjelko"]
[Result "1-0"]
[WhiteElo "2405"]
[BlackElo "2200"]

1.Nf3 d5 2.b3 Nf6 3.Bb2 c5 4.e3 e6 5.Ne5 a6 6.f4 Be7 7.Be2 b6 8.O-O Bb7 9.Bf3 Nc6
10.d3 O-O 11.Nxc6 Bxc6 12.Qe1 Qc7 13.Qg3 Qb7 14.Nd2 Rfd8 15.e4 b5 16.Rae1 d4
17.Bc1 Rac8 18.h4 Qc7 19.h5 h6 20.e5 Nd5 21.Bxd5 Bxd5 22.Ne4 Kh8 23.f5 exf5
24.Rxf5 c4 25.Bf4 Qd7 26.Bxh6 gxh6 27.Qf4 Bf8 28.Nf6 Qe7 29.Nxd5 Rxd5 30.Rxf7 Qd8
31.Qe4 Bg7 32.Qg4 Qg8 33.Rxg7 Qxg7 34.Qxc8+ Kh7 35.Qf5+ Kg8 36.Re4 Qf7 37.Qg4+ Kh8
38.e6 Qe7 39.Qg6 Rg5 40.Qxh6+ Kg8 41.Qxg5+ Qxg5 42.e7 Qc1+ 43.Kh2  1-0

[Event "Nis"]
[Site "Nis"]
[Date "1981.??.??"]
[Round "9"]
[White "Ciocaltea, Victor"]
[Black "De Firmian, Nick E"]
[Result "1/2-1/2"]
[WhiteElo "2450"]
[BlackElo "2405"]

1.e4 c5 2.Nf3 d6 3.d4 cxd4 4.Nxd4 Nf6 5.Nc3 a6 6.f4 Nbd7 7.a4 b6 8.Be2 Bb7
9.Bf3 Qc7 10.g4 e5 11.Nde2 Nc5 12.Ng3 d5 13.exd5 O-O-O 14.g5 exf4 15.Nge2 Nfd7
16.Bxf4 Ne5 17.Bg2 Ne6 18.Bg3 Nxg5 19.O-O Bd6  1/2-1/2

[Event "Nis"]
[Site "Nis"]
[Date "1981.??.??"]
[Round "10"]
[White "De Firmian, Nick E"]
[Black "Djukic, Zeljko"]
[Result "1-0"]
[WhiteElo "2405"]
[BlackElo "2380"]

1.e4 c5 2.Nf3 e6 3.d4 cxd4 4.Nxd4 Nf6 5.Nc3 Bb4 6.e5 Nd5 7.Qg4 O-O 8.Bh6 g6
9.Bxf8 Qxf8 10.Ne2 Nc6 11.Qg3 Qc5 12.O-O-O Nxc3 13.Nxc3 Bxc3 14.Qxc3 Qxc3
15.bxc3 Nxe5 16.Be2 Kf8 17.f4 Nc6 18.h4 Ne7 19.c4 h5 20.g4 hxg4 21.Bxg4 b6
22.h5 Bb7 23.Rh2 Bc6 24.hxg6 Nxg6 25.f5 exf5 26.Bxf5 Ke7 27.Re2+ Kd8 28.Bxg6 fxg6
29.Re6 Kc7 30.Rxg6 Rf8 31.Rgd6 Rf3 32.Kb2 a5 33.R1d4 a4 34.a3 Rf1 35.Rg6 Rh1
36.Rg5 Rh3 37.c5 bxc5 38.Rxc5 Kb6 39.Rc3 Rh1 40.Rb4+ Ka5 41.Re3 Rh5 42.Kc3 Rc5+
43.Kd3 Rd5+ 44.Kc4 Rh5 45.Rg3 Rf5 46.Kd4 Rd5+ 47.Ke3 Rh5 48.c3 Rh1 49.Kd4 Ra1
50.Rb2 Rd1+ 51.Ke5 Rd5+ 52.Kf6 Rd1 53.Ke7 Ra1 54.c4 Rc1 55.Rb4 Ra1 56.Rg5+ Ka6
57.Kd6 Rxa3 58.Kc7 Rb3 59.Rxb3 axb3 60.Rg3 Ba4 61.Rg8 Ka5 62.Rb8 Bc6 63.Rxb3 Ba4
64.Rb2 Bc6 65.Rb8 Ba4 66.Kd6 Bc6 67.Kc5 Ka4 68.Rb4+ Ka3 69.Rb6 Be4 70.Kd6  1-0

[Event "Nis"]
[Site "Nis"]
[Date "1981.??.??"]
[Round "13"]
[White "Sahovic, Dragutin"]
[Black "De Firmian, Nick E"]
[Result "1/2-1/2"]
[WhiteElo "2425"]
[BlackElo "2405"]

1.d4 Nf6 2.Bg5 e6 3.e4 h6 4.Bxf6 Qxf6 5.Nf3 g6 6.Nc3 d6 7.e5 Qe7 8.Bd3 Bg7
9.Qe2 Nd7 10.O-O a6 11.Rfe1 O-O 12.Rad1 b6 13.exd6 cxd6 14.Nd5 Qd8 15.Nb4 Nb8
16.c3 Bb7 17.Be4 Bxe4 18.Qxe4 d5 19.Qe2 a5 20.Nd3 Na6 21.Nde5 Nc7 22.a4 Qd6
23.Nd3 Rfb8 24.Ra1 b5 25.axb5 a4 26.Nc5 a3 27.Rxa3 Rxa3 28.bxa3 Nxb5 29.a4 Nxc3
30.Qd3 Na2 31.a5 Nb4 32.Qc3 Rb5 33.Rb1 Bxd4 34.Nxd4 Rxc5 35.Qa3 Rc4 36.Nf3 Qc5
37.a6 Rc3 38.Qa1 Rc2 39.Rf1 Ra2 40.Qf6 Rxa6 41.Ne5 Ra7 42.Nxg6 fxg6 43.Qxg6+ Kf8
44.Qxe6 Ra6 45.Qf5+ Kg7 46.Qd7+ Kg6 47.Qe8+ Kg7 48.Qd7+ Kf6 49.Re1 Qd6 50.Qe8 Nd3
51.Qh8+ Kg6 52.Qe8+ Kf6 53.Qh8+  1/2-1/2

[Event "US op"]
[Site "Palo Alto"]
[Date "1981.??.??"]
[Round "3"]
[White "De Firmian, Nick E"]
[Black "Tanenbaum, Paul"]
[Result "1-0"]
[WhiteElo "2512"]
[BlackElo "2125"]

1.e4 c5 2.Nf3 Nc6 3.d4 cxd4 4.Nxd4 Nf6 5.Nc3 d6 6.Bc4 e6 7.Be3 Be7 8.Qe2 O-O
9.O-O-O Qc7 10.Bb3 a6 11.g4 Nxd4 12.Rxd4 e5 13.Rc4 Qd8 14.g5 Nd7 15.Qh5 b5
16.Rxc8 Rxc8 17.Rg1 Nc5 18.Rg3 Nxb3+ 19.axb3 g6 20.Qh6 f6 21.Nd5 fxg5 22.h4 Rf7
23.hxg5 Qa5 24.c3 Qa1+ 25.Kc2 Qf1 26.Qh3 Qxh3 27.Rxh3 Rcf8 28.Kd3 Bd8 29.Ke2 Kg7
30.Rh1 Rf3 31.b4 a5 32.Nf6 Bxf6 33.gxf6+ R8xf6 34.bxa5 h5 35.a6 Rf8 36.Ra1 R3f7
37.Ra5 Ra8 38.a7 h4 39.Rxb5 g5 40.Rd5 g4 41.Rxd6 h3 42.Rd1 Kg6 43.Ra1 Rc7
44.Kf1 Rc6 45.Kg1 Rd6 46.Kh2 Rc6 47.Kg3 Kh5 48.Ra5 Re6 49.b4 Ree8 50.Ra6 Rh8
51.b5 Raf8 52.b6 Rf3+ 53.Kh2 Rxe3 54.fxe3 Rd8 55.a8=Q Rd2+ 56.Kg1 g3 57.Qe8+ Kg4
58.Qe6+ Kf3 59.Qf5+  1-0

[Event "US op"]
[Site "Palo Alto"]
[Date "1981.??.??"]
[Round "5"]
[White "De Firmian, Nick E"]
[Black "Gogel, Dennis"]
[Result "0-1"]
[WhiteElo "2512"]
[BlackElo "2331"]

1.e4 c5 2.Nf3 e6 3.Nc3 a6 4.d4 cxd4 5.Nxd4 Qc7 6.g3 Bb4 7.Ne2 Nf6 8.Bg2 Be7
9.O-O Nc6 10.b3 b5 11.Nf4 Bb7 12.Bb2 O-O 13.Re1 d6 14.Qd2 Rac8 15.Nd3 Rfd8
16.a3 Nd4 17.Rac1 d5 18.exd5 Nxd5 19.Ne4 Nf6 20.Nxf6+ Bxf6 21.Bxd4 Bxd4 22.Bxb7 Qxb7
23.Qf4 Bc3 24.Re2 Rd4 25.Qe3 Qd5 26.Rf1 a5 27.Nf4 Qd6 28.Qf3 Bd2 29.Nd3 Rxc2
30.Ne5 Rc7 31.Rd1 Bg5 32.Rxd4 Qxd4 33.h4 Bf6 34.Ng4 Be7 35.Qa8+ Bf8 36.Re4 Qd1+
37.Kh2 Qf3 38.Kh3 f5  0-1

[Event "US op"]
[Site "Palo Alto"]
[Date "1981.??.??"]
[Round "7"]
[White "De Firmian, Nick E"]
[Black "Snyder, Robert M"]
[Result "1-0"]
[WhiteElo "2512"]
[BlackElo "2256"]

1.Nf3 Nf6 2.b3 g6 3.Bb2 Bg7 4.g3 O-O 5.Bg2 d6 6.d4 e5 7.dxe5 Ng4 8.Nc3 Nxe5
9.Nxe5 Bxe5 10.Qd2 Nd7 11.h4 Nc5 12.h5 Be6 13.O-O-O a5 14.f4 Bg7 15.Bh3 Qd7
16.Nd5 Ne4 17.Qe3 Bxb2+ 18.Kxb2 f5 19.hxg6 hxg6 20.Nc3 Nxc3 21.Qxc3 Qg7 22.Bg2 Qxc3+
23.Kxc3 Rab8 24.Rh6 Kg7 25.Rdh1 Bf7 26.e4 Rfe8 27.Kd3 fxe4+ 28.Bxe4 d5 29.Bf3 Re7
30.Rh7+ Kf6 31.g4 Rbe8 32.Kd2 c5 33.g5+ Kf5 34.R1h4 Ke6 35.Be2 Kd6 36.Bb5 Rg8
37.R4h6 Be6 38.Bd3 Rxh7 39.Rxh7 c4 40.bxc4 dxc4 41.Be4 b5 42.Ra7 Kc5 43.Rxa5 Kd4
44.Bc6 c3+ 45.Ke2 Rh8 46.Bxb5 Rh2+ 47.Kf3 Rxc2 48.Ra4+ Kc5 49.Bd3 Rb2 50.Bxg6 Bxa2
51.Ra5+ Kd6 52.Ra6+ Kc5 53.Be4 Bd5 54.Bxd5 Kxd5 55.Ra8 Rh2 56.g6 Rh3+ 57.Kg4 Rh2
58.Kf5 c2 59.Rd8+ Kc6 60.g7 Rh5+ 61.Ke4  1-0

[Event "US op"]
[Site "Palo Alto"]
[Date "1981.??.??"]
[Round "8"]
[White "Gross, Ronald Jos"]
[Black "De Firmian, Nick E"]
[Result "0-1"]
[WhiteElo "2307"]
[BlackElo "2512"]

1.d4 Nf6 2.c4 e6 3.Nf3 c5 4.g3 cxd4 5.Nxd4 Nc6 6.Bg2 Qb6 7.Nb3 Bb4+ 8.Nc3 Qa6
9.O-O Qxc4 10.Bf4 d5 11.Rc1 Qa6 12.e4 Bxc3 13.exd5 Nxd5 14.Bxd5 exd5 15.Bd6 Be5
16.Re1 Be6 17.Nc5 Qb6 18.Nxe6 fxe6 19.Qg4 Bxd6 20.Rxe6+ Ne7 21.Qa4+ Kf7 22.Rce1 Rhe8
23.Qh4 Ng6  0-1

[Event "US op"]
[Site "Palo Alto"]
[Date "1981.??.??"]
[Round "10"]
[White "Thinnsen, James A"]
[Black "De Firmian, Nick E"]
[Result "0-1"]
[WhiteElo "2429"]
[BlackElo "2512"]

1.d4 Nf6 2.Nf3 e6 3.c4 c5 4.Nc3 cxd4 5.Nxd4 Nc6 6.g3 Qb6 7.Nb3 Bb4 8.Bg2 Qa6
9.c5 b6 10.cxb6 axb6 11.O-O Bxc3 12.bxc3 d5 13.Bg5 Bb7 14.Bxf6 gxf6 15.Nd4 Ne5
16.Qd2 Ke7 17.Rfb1 Rhc8 18.Qe3 Rc5 19.Nb3 Rc7 20.Nd4 Qa5 21.Rxb6 Nc4 22.Rxe6+ fxe6
23.Qxe6+ Kf8 24.Rb1 Ra6 25.Rxb7 Rxe6 26.Nxe6+ Kf7 27.Nxc7 Nd6 28.Bxd5+ Ke7
29.Rb3 Qxc7 30.c4 Qa5 31.Re3+ Kd7 32.Kg2 Qxa2  0-1

[Event "US op"]
[Site "Palo Alto"]
[Date "1981.??.??"]
[Round "12"]
[White "Christiansen, Larry Mark"]
[Black "De Firmian, Nick E"]
[Result "1/2-1/2"]
[WhiteElo "2630"]
[BlackElo "2512"]

1.e4 c5 2.Nc3 d6 3.g3 Nc6 4.Bg2 g6 5.d3 Bg7 6.Be3 e5 7.Nh3 Nge7 8.f4 O-O
9.O-O exf4 10.Nxf4 Rb8 11.a3 b5 12.Rb1 a5 13.Ncd5 b4 14.axb4 axb4 15.Rf2 Ne5
16.Nxe7+ Qxe7 17.h3 Bb7 18.c3 Ba8 19.Ra1 Kh8 20.Qe2 bxc3  1/2-1/2

[Event "Smederevska Palanka"]
[Site "Smederevska Palanka"]
[Date "1981.??.??"]
[Round "1"]
[White "Nikolic, Stanimir"]
[Black "De Firmian, Nick E"]
[Result "0-1"]
[WhiteElo "2375"]
[BlackElo "2410"]

1.e4 c5 2.Nc3 d6 3.Bc4 e6 4.f4 Nc6 5.Nf3 Nf6 6.Qe2 Be7 7.d3 O-O 8.O-O a6
9.a3 d5 10.Ba2 Nd4 11.Qf2 dxe4 12.Nxe4 Ng4 13.Qd2 b5 14.c3 Nxf3+ 15.Rxf3 Bb7
16.Qe2 c4 17.Rg3 Qb6+ 18.d4 f5 19.Ng5 Bxg5 20.fxg5 e5 21.h3 exd4 22.hxg4 Rae8
23.Qf2 fxg4 24.Bf4 Re4 25.Rxg4 Qc6 26.Rf1 Rexf4 27.Qxf4 Rxf4 28.Rfxf4 d3
29.Rf2 Qe6 30.Rd4 Bd5 31.b3 g6 32.bxc4 bxc4 33.Rf6 Qe3+ 34.Rf2 Qxg5 35.Bxc4 Bxc4
36.Rxc4 Qc1+ 37.Rf1 Qe3+ 38.Rf2 d2 39.Rd4 Qxd4  0-1

[Event "Smederevska Palanka"]
[Site "Smederevska Palanka"]
[Date "1981.??.??"]
[Round "2"]
[White "De Firmian, Nick E"]
[Black "Despotovic, Momcilo"]
[Result "0-1"]
[WhiteElo "2410"]
[BlackElo "2440"]

1.e4 e6 2.d4 d5 3.Nd2 Nf6 4.e5 Nfd7 5.Bd3 c5 6.c3 b6 7.Ne2 Ba6 8.Bb1 cxd4
9.cxd4 Nc6 10.Nf3 Bb4+ 11.Bd2 Bxd2+ 12.Qxd2 Qe7 13.a3 Na5 14.Qd1 Rc8 15.b4 Bxe2
16.Kxe2 Nc4 17.Re1 f6 18.exf6 Qxf6 19.Kf1 O-O 20.Ra2 Qh6 21.Kg1 Rf6 22.Qd3 Rcf8
23.Rae2 R8f7 24.Nd2 b5 25.a4 Nxd2 26.Rxd2 bxa4 27.Rde2 Nf8 28.Bc2 Ng6 29.g3 Qh3
30.f4 Nf8 31.Qb5 a3 32.f5 g6 33.Qa5 gxf5 34.Qxa3 f4 35.Qf3 fxg3  0-1

[Event "Smederevska Palanka"]
[Site "Smederevska Palanka"]
[Date "1981.??.??"]
[Round "4"]
[White "De Firmian, Nick E"]
[Black "Popov, Luben"]
[Result "1/2-1/2"]
[WhiteElo "2410"]
[BlackElo "2465"]

1.e4 Nf6 2.e5 Nd5 3.d4 d6 4.Nf3 Bg4 5.Be2 e6 6.O-O Be7 7.c4 Nb6 8.Nc3 O-O
9.Be3 d5 10.c5 Bxf3 11.gxf3 Nc8 12.f4 f5 13.b4 Nc6 14.Qd2 a6  1/2-1/2

[Event "Smederevska Palanka"]
[Site "Smederevska Palanka"]
[Date "1981.??.??"]
[Round "7"]
[White "Krnic, Zdenko"]
[Black "De Firmian, Nick E"]
[Result "1/2-1/2"]
[WhiteElo "2470"]
[BlackElo "2410"]

1.e4 c5 2.Nf3 d6 3.Nc3 a6 4.g3 Nc6 5.Bg2 g6 6.Nd5 Bg7 7.O-O e6 8.Ne3 Nge7
9.c3 e5 10.Nh4 O-O 11.d3 Be6 12.Ng4 d5 13.h3 f5 14.Nh6+ Kh8 15.exf5 gxf5
16.Bg5 Qe8 17.f4 Ng6 18.Qh5 e4 19.dxe4 dxe4 20.Rae1 Nxh4 21.Qxh4 Bc4 22.Nxf5 Bxf1
23.Nxg7 Qg6 24.Bxe4 Qxg7 25.Bh6 Qf6 26.Bxf8 Qxh4 27.gxh4 Rxf8 28.Rxf1 Kg7
29.Kg2 h6 30.Kg3 Rd8 31.Rf2 Kf6 32.Kf3 Rd1 33.Ke2 Rd7 34.Rg2 Ne7 35.a4 b5
36.a5 b4 37.Rg1 Nf5 38.h5 Re7 39.Rg6+ Kf7 40.Kd3 c4+ 41.Kxc4 Rxe4+ 42.Kd5 Re2  1/2-1/2